000 00875nam a2200241 a 4500
001 BRCA_4509
005 20190320204710.0
008 200910s1900----sp-e######---#000-0#spa-#
041 _aspa
044 _asp
050 4 _aN3450
_b.M33 1900
100 1 _aMadrazo y Kuntz, Pedro de
_d1816-1898
_911424
245 1 0 _aCatálogo de los cuadros del Museo del Prado de Madrid
_cprólogo por Pedro de Madrazo.
250 _a8
260 _aMadrid
_bImprenta de la Sucesora de M. Minuesa de los Ríos
_c1900
300 _a456 p.
_bil. 1 plano
_c19 cm.
500 _aIncluye índice por orden de salas, explicación de las abreviaturas, tabla general de los pintores españoles y extranjeros de quienes posee obras este museo
500 _aCFG24
650 1 4 _aPinturas
_vCatálogos
_zMadrid
_911379
710 2 _aMuseo del Prado (Madrid)
_911074
902 _aGFM
942 _2lcc
_cB
999 _c4215
_d4215